LIBRARY & INFORMATION CENTRE, KCAET, TAVANUR

ONLINE PUBLIC ACCESS CATALOGUE (OPAC)

Identification and Management stratigies infects pests of Rapeseeds and Mustrard (Record no. 12956)

MARC details
000 -LEADER
fixed length control field 00347cam a2200133ua 4500
041 ## - LANGUAGE CODE
Language code of text/sound track or separate title eng
100 ## - MAIN ENTRY--AUTHOR NAME
Personal name Bakhetia, D.R.C .
245 ## - TITLE STATEMENT
Title Identification and Management stratigies infects pests of Rapeseeds and Mustrard
260 ## - PUBLICATION, DISTRIBUTION, ETC. (IMPRINT)
Place of publication :
Name of publisher Farm Information Unit ,
Year of publication 1997.
300 ## - PHYSICAL DESCRIPTION
Number of Pages ; .
942 ## - ADDED ENTRY ELEMENTS (KOHA)
Koha item type Books
Holdings
Withdrawn status Lost status Damaged status Home library Current library Date acquired Accession Number Koha item type
      KAUAET KAUAET 07/04/2012 21085 Books
free website counter